[Event "Muensterland Verbandsklasse-B 0708"]
[Site "Germany"]
[Date "2008.02.16"]
[Round "6.4"]
[White "Wessel, Johannes"]
[Black "Luft, Waldemar"]
[Result "0-1"]
[WhiteElo "1892"]
[BlackElo "1879"]
[PlyCount "98"]
[EventDate "2007.09.15"]
[EventType "team-tourn"]
[EventRounds "9"]
[EventCountry "GER"]
[SourceTitle "EXT 2009"]
[Source "ChessBase"]
[SourceDate "2008.11.26"]
[SourceVersion "1"]
[SourceVersionDate "2008.11.26"]
[SourceQuality "1"]
[WhiteTeam "Steinfurt"]
[BlackTeam "Nienberge"]
[WhiteTeamCountry "GER"]
[BlackTeamCountry "GER"]

1. e4 c5 2. Nf3 Nc6 3. d4 cxd4 4. Nxd4 e5 5. Nb3 d6 6. Be3 Be6 7. Nc3 Nge7 8. Qd2 f5 9. f3 a6 10. Nd5 Bxd5 11. exd5 Nb8 12. f4 Nd7 13. fxe5 dxe5 14. 0-0-0 f4 15. Bxf4 exf4 16. d6 Nf5 17. Re1+ Ne3 18. Rxe3+ fxe3 19. Qxe3+ Be7 20. Bc4 Nb6 21. dxe7 Qxe7 22. Qxb6 Rc8 23. Qe6 Qxe6 24. Bxe6 Rc7 25. Re1 Ke7 26. Nd4 Kf6 27. c3 Rd8 28. Kd2 Rd6 29. Bg4 Kg5 30. Bf3 g6 31. Re4 b5 32. Kc2 Kf6 33. Kb3 h6 34. Bg4 h5 35. Re6+ Rxe6 36. Bxe6 Ke5 37. Kb4 g5 38. Ka5 g4 39. Kxa6 b4 40. Kb6 bxc3 41. bxc3 Rxc3 42. Nb5 Rc2 43. Bf7 h4 44. Be8 Rxg2 45. Nc3 Rxh2 46. Kc5 g3 47. Bc6 h3 48. a4 g2 49. Bxg2 hxg2 0-1

[Event "Muensterland Verbandsklasse-B 0708"]
[Site "Germany"]
[Date "2008.01.26"]
[Round "5.6"]
[White "Luft, Waldemar"]
[Black "Schoepper, Oliver"]
[Result "0-1"]
[WhiteElo "1879"]
[BlackElo "1824"]
[PlyCount "70"]
[EventDate "2007.09.15"]
[EventType "team-tourn"]
[EventRounds "9"]
[EventCountry "GER"]
[SourceTitle "EXT 2009"]
[Source "ChessBase"]
[SourceDate "2008.11.26"]
[SourceVersion "1"]
[SourceVersionDate "2008.11.26"]
[SourceQuality "1"]
[WhiteTeam "Nienberge"]
[BlackTeam "Muenster SK V"]
[WhiteTeamCountry "GER"]
[BlackTeamCountry "GER"]

1. e4 Nf6 2. e5 Nd5 3. d4 d6 4. f4 g6 5. c4 Nb6 6. Nf3 dxe5 7. fxe5 Bg7 8. Be3 0-0 9. Ng5 f6 10. Nxh7 Kxh7 11. Bd3 f5 12. h4 c5 13. h5 g5 14. Qg4 e6 15. Bxg5 Qxd4 16. Bf4 Qxd3 17. Qg6+ Kh8 18. Nc3 Qd4 19. Rh4 Qd8 20. Qg3 Rg8 21. Rd1 Qc7 22. Nb5 Qe7 23. Bg5 Bh6 24. Bxe7 Rxg3 25. Rd8+ Rg8 26. Nc7 Rxd8 27. Bxd8 Nc6 28. Bf6+ Bg7 29. Nxa8 Nxa8 30. h6 Bxf6 31. exf6 Ne5 32. Rh5 Bd7 33. Rg5 Be8 34. Rg7 Bf7 35. g4 fxg4 0-1

[Event "Muensterland Verbandsklasse-A 0506"]
[Site "Germany"]
[Date "2006.03.25"]
[Round "3.5"]
[White "Reichstein, Michael"]
[Black "Luft, Waldemar"]
[Result "1-0"]
[WhiteElo "2095"]
[BlackElo "2118"]
[PlyCount "69"]
[EventDate "2005.09.03"]
[EventType "team-tourn"]
[EventRounds "9"]
[EventCountry "GER"]
[SourceTitle "EXT 2006"]
[Source "ChessBase"]
[SourceDate "2005.11.24"]
[SourceVersion "1"]
[SourceVersionDate "2005.11.24"]
[SourceQuality "1"]
[WhiteTeam "Sendenhorst"]
[BlackTeam "Nienberge"]
[WhiteTeamCountry "GER"]
[BlackTeamCountry "GER"]

1. e4 e5 2. Nf3 d6 3. d4 Nd7 4. Bc4 Be7 5. Nc3 Ngf6 6. Bxf7+ Kxf7 7. Ng5+ Kg8 8. Ne6 Qe8 9. Nxc7 Qg6 10. Nxa8 Qxg2 11. Rf1 exd4 12. Qxd4 Ne5 13. f4 Bh3 14. Qf2 Qxf2+ 15. Rxf2 Nc4 16. b3 Ng4 17. Rf3 Bh4+ 18. Ke2 Bg2 19. bxc4 Bxf3+ 20. Kxf3 h5 21. h3 Nh6 22. Nc7 Kf7 23. Ba3 Bf6 24. N7d5 Rc8 25. Nxf6 gxf6 26. Nb5 Rc6 27. Nxd6+ Ke6 28. f5+ Kd7 29. Rd1 Kc7 30. c5 b6 31. Nb5+ Kb7 32. Rd7+ Ka6 33. c4 bxc5 34. Nxa7 Rc8 35. Nxc8 1-0

[Event "Muensterland Verbandsklasse-A 0506"]
[Site "Germany"]
[Date "2005.09.03"]
[Round "1.4"]
[White "Kemper, Andreas"]
[Black "Luft, Waldemar"]
[Result "1-0"]
[WhiteElo "1844"]
[BlackElo "2118"]
[PlyCount "63"]
[EventDate "2005.09.03"]
[EventType "team-tourn"]
[EventRounds "9"]
[EventCountry "GER"]
[SourceTitle "EXT 2006"]
[Source "ChessBase"]
[SourceDate "2005.11.24"]
[SourceVersion "1"]
[SourceVersionDate "2005.11.24"]
[SourceQuality "1"]
[WhiteTeam "Ahaus Wessum"]
[BlackTeam "Nienberge"]
[WhiteTeamCountry "GER"]
[BlackTeamCountry "GER"]

1. e4 e5 2. Bc4 d6 3. d3 Nf6 4. Nc3 Be7 5. f4 Nc6 6. Nf3 Bg4 7. 0-0 Nd4 8. fxe5 Bxf3 9. gxf3 dxe5 10. f4 Bd6 11. f5 Qd7 12. Be3 0-0-0 13. Ne2 Ng4 14. Bd2 h5 15. h3 Qe7 16. hxg4 hxg4 17. f6 gxf6 18. Nxd4 exd4 19. Bf4 f5 20. e5 Qh4 21. Qe2 Bxe5 22. Qxe5 Rd7 23. Bg3 Qh1+ 24. Kf2 Qf3+ 25. Ke1 Rh1 26. Rxh1 Qxh1+ 27. Kd2 Qxa1 28. Bxf7 b6 29. Qe8+ Kb7 30. Qxd7 Qg1 31. Qxc7+ Ka6 32. Bc4+ 1-0